| 000 | 00828nam a2200229 i 4500 | ||
|---|---|---|---|
| 001 | 186566 | ||
| 003 | SpMaBN | ||
| 005 | 20230906222709.0 | ||
| 008 | 161128s1964 fr |||| | fre d | ||
| 080 | _a17(37/38)(082.2) | ||
| 245 | 0 | 4 |
_aLes stoïciens / _ctextes traduits par Émile Bréiher ; édités sous la direction de Pierre-Maxime Schuhl. |
| 260 |
_a[Paris : _bGallimard, _c1964] |
||
| 300 |
_aLXVI, 1438 p. ; _c18 cm. |
||
| 490 | 1 |
_aBibliothèque de la Pléiade ; _v156 |
|
| 504 | _aBibliografía: p. [1395]-1402. | ||
| 650 | 0 | 7 |
_aEstoicos. _912556 |
| 700 | 1 |
_aBréhier, Émile. _9148586 |
|
| 700 | 1 |
_aSchuhl, Pierre-Maxime. _9104751 |
|
| 830 | 0 |
_aBibliothèque de la Pléiade ; _v156 _9180233 |
|
| 852 |
_aES-MaACL _jL-30922 _z- enc. cart. _z. - Biblioteca Jacinto Martínez Lacalle |
||
| 999 |
_c186566 _d186566 |
||